vainqueur ballon d'or - Statistiques

Statistiques générales
  • Ce quiz a été pris 64 fois
  • Le résultat moyen est 24 sur 47
Statistiques - réponses
Hint Réponse % Correct
2008 Cristiano Ronaldo
98%
2009 Lionel Messi
98%
1997 Ronaldo
98%
2018 Luka Modric
93%
2025 Ousmane Dembélé
93%
2007 Kaka
91%
2024 Rodri
91%
2022 Karim Benzema
89%
2005 Ronaldinho
89%
1998 Zinedine Zidane
82%
2003 Pavel Nedved
77%
2001 Michael Owen
73%
1983 Michel Platini
73%
2006 Fabio Cannavaro
71%
1971 Johan Cruyff
70%
2000 Luis Figo
70%
1988 Marco Van Basten
68%
1999 Rivaldo
64%
1991 Jean-Pierre Papin
61%
1995 George Weah
59%
1972 Franz Beckenbauer
55%
1957 Alfredo Di Stefano
54%
1987 Ruud Gullit
54%
1963 Lev Yachine
52%
1958 Raymond Kopa
52%
1965 Eusébio
46%
2004 Andreï Chevtchenko
45%
1970 Gerd Müller
45%
1996 Matthias Sammer
43%
1966 Bobby Charlton
41%
1968 George Best
39%
1993 Roberto Baggio
39%
1990 Lothar Matthäus
36%
1956 Stanley Matthews
34%
1994 Hristo Stoichkov
32%
1980 Karl-Heinz Rummenigge
29%
1982 Paolo Rossi
23%
1978 Kevin Keegan
18%
1964 Denis Law
16%
1967 Flórián Albert
14%
1977 Allan Simonsen
13%
1961 Omar Sivori
13%
1986 Igor Belanov
11%
1975 Oleg Blokhine
11%
1969 Gianni Rivera
9%
1962 Josef Masopust
9%
1960 Luis Suarez Miramontes
2%
Aucun quiz correspondant
Distribution des résultats
% des personnes avec chaque résultat
Percentile par nombre de réponses
Votre historique - résultats
Vous n’avez pas pris ce quiz